Songs from the First Line(s) - R&B Songs Edition - Statistics

General Stats
  • This quiz has been taken 24 times
  • The average score is 14 of 40
Answer Stats
Hint Answer % Correct
Songs Say my name, say my name / When no one is around you / Say baby I love you / If you ain't runnin' game Song Say My Name
95%
Songs A scrub is a guy that thinks he's fly / And is also known as a buster / Always talkin' about what he wants Artist(s) TLC
80%
Songs Say my name, say my name / When no one is around you / Say baby I love you / If you ain't runnin' game Artist(s) Destiny's Child
75%
Songs A scrub is a guy that thinks he's fly / And is also known as a buster / Always talkin' about what he wants Song No Scrubs
75%
Songs Ain't no sunshine when she's gone / It's not warm when she's away / Ain't no sunshine when she's gone Song Ain't No Sunshine
70%
Songs Very superstitious / Writing's on the wall / Very superstitious / Ladder's 'bout to fall / Thirteen month old baby Artist(s) Stevie Wonder
70%
Songs She was more like a beauty queen / From a movie scene / I said, "Don't mind, but what do you mean / I am the one Artist(s) Michael Jackson
65%
Songs That's how much I love you / That's how much I need you / And I can't stand you / Must everything you do make me wanna smile Artist(s) Rihanna / Ne-Yo
65%
Songs There's always that one person that will always have your heart / You never see it coming 'cause you're blinded from the start Artist(s) Usher / Alicia Keys
65%
Songs She was more like a beauty queen / From a movie scene / I said, "Don't mind, but what do you mean / I am the one Song Billie Jean
60%
Songs I love you / And I need you / Nelly, I love you / I do need you / No matter what I do / All I think about is you / Even when I'm with my boo Artist(s) Kelly Rowland / Nelly
60%
Songs Very superstitious / Writing's on the wall / Very superstitious / Ladder's 'bout to fall / Thirteen month old baby Song Superstition
60%
Songs Like a moth to a flame, burned by the fire / My love is blind, can't you see my desire? / That's the way love goes Artist(s) Janet Jackson
55%
Songs Ain't no sunshine when she's gone / It's not warm when she's away / Ain't no sunshine when she's gone Artist(s) Bill Withers
50%
Songs I see the crystal raindrops fall / And the beauty of it all / Is when the sun comes shining through / To make those rainbows in my mind Artist(s) Grover Washington Jr. / Bill Withers
50%
Songs There's always that one person that will always have your heart / You never see it coming 'cause you're blinded from the start Song My Boo
45%
Songs I love you / And I need you / Nelly, I love you / I do need you / No matter what I do / All I think about is you / Even when I'm with my boo Song Dilemma
40%
Songs Baby, I just don't get it / Do you enjoy being hurt? / I know you smelled the perfume, the make-up on his shirt Song Let Me Love You
40%
Songs Gotta change my answering machine / Now that I'm alone / 'Cause right now it says that we / Can't come to the phone Artist(s) Ne-Yo
40%
Songs I just want you close / Where you can stay forever / You can be sure / That it will only get better / You and me together Artist(s) Alicia Keys
35%
Songs I see the crystal raindrops fall / And the beauty of it all / Is when the sun comes shining through / To make those rainbows in my mind Song Just the Two of Us
30%
Songs Sweet love, yeah / I didn't mean it when I said I didn't love you so / I should've held on tight, I never should've let you go Artist(s) Mariah Carey
30%
Songs Baby, I just don't get it / Do you enjoy being hurt? / I know you smelled the perfume, the make-up on his shirt Artist(s) Mario
30%
Songs Gotta change my answering machine / Now that I'm alone / 'Cause right now it says that we / Can't come to the phone Song So Sick
25%
Songs I just want you close / Where you can stay forever / You can be sure / That it will only get better / You and me together Song No One
20%
Songs Sweet love, yeah / I didn't mean it when I said I didn't love you so / I should've held on tight, I never should've let you go Song We Belong Together
20%
Songs Nobody wanna see us together, but it don't matter, no / ('Cause I got you, babe) / Nobody wanna see us together, but it don't matter, no Artist(s) Akon
15%
Songs That's how much I love you / That's how much I need you / And I can't stand you / Must everything you do make me wanna smile Song Hate That I Love You
15%
Songs Like a moth to a flame, burned by the fire / My love is blind, can't you see my desire? / That's the way love goes Song That's the Way Love Goes
15%
Songs We belong together / And you know that I'm right / Why do you play with my heart? / Why do you play with my mind? Artist(s) Boyz II Men
10%
Songs Nobody wanna see us together, but it don't matter, no / ('Cause I got you, babe) / Nobody wanna see us together, but it don't matter, no Song Don't Matter
10%
Songs We belong together / And you know that I'm right / Why do you play with my heart? / Why do you play with my mind? Song End of the Road
5%
Songs Back when I was a child / Before life removed all the innocence / My father would lift me high / And dance with my mother and me Artist(s) Luther Vandross
5%
Songs With all my heart I love you baby / Stay with me and you will see / My arms will hold you, baby / Never leave, 'cause I believe Artist(s) Anita Baker
0%
Songs When can my heart beat again / When does the pain ever end / When do the tears stop from running over Artist(s) Babyface
0%
Songs Back when I was a child / Before life removed all the innocence / My father would lift me high / And dance with my mother and me Song Dance with My Father
0%
Songs If there's another universe / Please make some noise / Give me a sign / This can't be life / If there's a point to losing love Song Saturn
0%
Songs With all my heart I love you baby / Stay with me and you will see / My arms will hold you, baby / Never leave, 'cause I believe Song Sweet Love
0%
Songs If there's another universe / Please make some noise / Give me a sign / This can't be life / If there's a point to losing love Artist(s) SZA
0%
Songs When can my heart beat again / When does the pain ever end / When do the tears stop from running over Song When Can I See You
0%
No matching quizzes found
Score Distribution
Percent of People with Each Score
Percentile by Number Answered
Your Score History
You have not taken this quiz